000 00369nam a2200145Ia 4500
008 191201s2008 xx 000 0 und d
082 _a658.8
_bCHI
100 _aCHERUNILAM,Francis
245 0 _aInternational Trade and Export Management
250 _a16th
260 _aN.Delhi
_bHimalaya Publication House
_c2008
300 _a528
650 _aMBA
942 _2ddc
_cBK
999 _c4336
_d4336